Manuel / (Record no. 194363)

MARC details
000 -LEADER
campo de control de longitud fija 00992nam a2200289 i 4500
001 - NÚMERO DE CONTROL
campo de control 194363
003 - IDENTIFICADOR DE NÚMERO DE CONTROL
campo de control ES-MaACL
005 - FECHA Y HORA DE LA ÚLTIMA TRANSACCIÓN
campo de control 20250825062736.0
007 - CAMPO FIJO DE DESCRIPCIÓN FÍSICA--INFORMACIÓN GENERAL
campo de control de longitud fija ta
008 - DATOS DE LONGITUD FIJA--INFORMACIÓN GENERAL
campo de control de longitud fija 240429s2017 sp ||||| |||| 00| 0 spa d
017 ## - NÚMERO DE COPYRIGHT O DE DEPÓSITO LEGAL
Número de copyright o de depósito legal BA 000575-2017
040 ## - FUENTE DE CATALOGACIÓN
Centro catalogador/agencia de origen ES-MaACL
Centro/agencia transcriptor ES-MaACL
100 ## - ENTRADA PRINCIPAL--NOMBRE DE PERSONA
Nombre de persona Porro Porro, José Carlos,
9 (RLIN) 236047
Fechas asociadas al nombre 1943-
245 ## - MENCIÓN DEL TÍTULO
Título Manuel /
Mención de responsabilidad, etc. Carlos Porro.
250 ## - MENCION DE EDICION
Mención de edición Primera Edición
260 ## - PUBLICACIÓN, DISTRIBUCIÓN, ETC.
Lugar de publicación, distribución, etc. [Badajoz] :
Nombre del editor, distribuidor, etc. Ayuntamiento de Don Benito,
Fecha de publicación, distribución, etc. 2017.
300 ## - DESCRIPCIÓN FÍSICA
Extensión 149 páginas ;
Dimensiones 24 cm
500 ## - NOTA GENERAL
Nota general Catalogación provisional. Signatura: N 8650. Depósito J.
600 #4 - PUNTO DE ACCESO ADICIONAL DE MATERIA--NOMBRE DE PERSONA
Nombre de persona Carvajal, Juan Acero
Subdivisión de forma Biografias
9 (RLIN) 236132
655 #0 - TERMINO DE INDIZACIÓN--GENERO/FORMA
Datos o término principal de género/forma Biografías
9 (RLIN) 176647
852 ## - LOCALIZACIÓN
Ubicación ES-MaACL
Sublocalización o colección R.152515
Ubicación en estantería Depósito J
Número de control de estantería N-8650
Encuadernación Rústica
itemnumber 202072
Donativo/Legado Donación: Editorial
Nota libre En proceso
942 ## - ELEMENTOS DE ENTRADA SECUNDARIOS (KOHA)
Tipo de ítem Koha Libro impreso
Holdings
Estatus retirado Estado de pérdida Fuente del sistema de clasificación o colocación Estado de daño No para préstamo Biblioteca de origen Biblioteca actual Ubicación en estantería Fecha de adquisición Fuente de adquisición Total de préstamos Signatura topográfica completa Código de barras Visto por última vez Precio de reemplazo Tipo de ítem Koha
    Clasificación decimal universal     Biblioteca del Ateneo de Madrid Biblioteca del Ateneo de Madrid Depósito J 29/04/2024 Donación   N-8650 101227318 29/04/2024 29/04/2024 Libro impreso